Normal view
MARC view
- الفسيولوجيا - الاعضاء - جسم الانسان
Entry Topical Term
001 - CONTROL NUMBER
- control field: 39642
003 - CONTROL NUMBER IDENTIFIER
- control field: JO-AjAnu
005 - DATE AND TIME OF LATEST TRANSACTION
- control field: 20230606080606.0
008 - FIXED-LENGTH DATA ELEMENTS
- fixed length control field: 230606|| aca||aabn | a|a d
040 ## - CATALOGING SOURCE
- Original cataloging agency: JO-AjAnu
- Transcribing agency: JO-AjAnu
150 ## - HEADING--TOPICAL TERM
- Topical term or geographic name entry element: الفسيولوجيا - الاعضاء - جسم الانسان
670 ## - SOURCE DATA FOUND
- Source citation: Work cat.: (JO-AjAnu)20327: خريسات، طلال, author 39641, الوجيز في علم وظائف الاعضاء=PHYSOLOGY